• 首页
  • 本馆介绍
  • 公告通知
  • 最新文献
  • 馆藏检索
  • 电子资源
  • 读者导购
  • 参考咨询
  • 我的图书馆
  • 登录
  • 详细信息显示
  • 放入我的书架
  • 预约/预借图书
  • 作者相关作品
  • 分类相关作品
  • 丛书相关作品
  • 出版社相关作品

书目信息

  • 表格格式
  • 工作单格式
  • 卡片格式
题名:
主食沙拉
    
 
作者: 高欣茹 主编
分册:  
出版信息: 北京   中国轻工业出版社  2017
页数: 189页
开本: 24cm
丛书名:
单 册:
中图分类: TS972.118
科图分类:
主题词: 沙拉--菜谱
电子资源:
ISBN: 978-7-5184-1404-8
000 00778nam0 2200229 450
001 2336404734
005 20231110130127.71
010    @a978-7-5184-1404-8@dCNY39.80
100    @a20170905d2017 em y0chiy50 ea
101 0  @achi
102    @aCN@b110000
105    @aa z 000yy
200 1  @a主食沙拉@9zhu shi sha la@f萨巴蒂娜主编
210    @a北京@c中国轻工业出版社@d2017
215    @a189页@c图@d24cm
300    @a萨巴厨房
330    @a本书主打包含主食的日常沙拉,包括黄金吐司火腿沙拉、蒜香吐司鸡蛋沙拉、枫糖法棍水果沙拉等,并且也介绍了许多可以突显蔬菜鲜美的调味料,辅以大量彩图。
606 0  @a沙拉@x菜谱
690    @aTS972.118@v5
701  0 @a高欣茹@9gao xin ru@c(女,@f1973-)@4主编
801  0 @aCN@b大连网信软件有限公司图书馆·11@c20231110
905    @aBZT@dTS972.118@e5
    
    主食沙拉/萨巴蒂娜主编.-北京:中国轻工业出版社,2017
    189页:图;24cm
    萨巴厨房
    
    ISBN 978-7-5184-1404-8:CNY39.80
    本书主打包含主食的日常沙拉,包括黄金吐司火腿沙拉、蒜香吐司鸡蛋沙拉、枫糖法棍水果沙拉等,并且也介绍了许多可以突显蔬菜鲜美的调味料,辅以大量彩图。
●
相关链接 在五车中查询图书 在当当中查询图书 在豆瓣中查询图书


正题名:主食沙拉     索取号:TS972.118/5         预约/预借

序号 登录号 条形码 馆藏地/架位号 状态 备注
1 2000949048   2000949048   安徽时代转三新/湖北三新(第三批)/1/ [索取号:TS972.118/5] 在馆    
2 2000949049   2000949049   安徽时代转三新/湖北三新(第三批)/1/ [索取号:TS972.118/5] 在馆    
3 2000949050   2000949050   安徽时代转三新/湖北三新(第三批)/1/ [索取号:TS972.118/5] 在馆    
4 2000949051   2000949051   安徽时代转三新/湖北三新(第三批)/1/ [索取号:TS972.118/5] 在馆    
5 2000949052   2000949052   安徽时代转三新/湖北三新(第三批)/1/ [索取号:TS972.118/5] 在馆    
山东省滨州职业学院图书馆 欢迎您!
大连网信软件有限公司© 版权所有